000 00583nam a22002537a 4500
003 UA-OsUOA
001 21368
007 ta
008 20031129b un ||||| |||| 00| 0 ukr d
100 _aМороз Ю.Н.
090 _a336.717.1
_bМ80
942 _cBK
040 _aUA-OsUOA
_brus
_cUA-OsUOA
_dUA-OsUOA
245 _aВексельное дело
300 _a472 с.
955 _a0
041 _arus
080 _a336.717.1
020 _a966-00-0048-0
260 _aКиев
_bНаукова думка
_c1996
044 _aUA
650 7 _2UDC
999 _c307563
_d307563